| 000 | 00792nam a2200229Ia 4500 | ||
|---|---|---|---|
| 003 | GCL | ||
| 008 | 140319s9999 xx 000 0 ara d | ||
| 040 |
_aGCL / _cGCL |
||
| 082 | 0 | 4 |
_a915.3 _bس م |
| 100 | 1 | _aسيبروك، ويليام ب . | |
| 245 | 1 | 0 |
_aمغامرات فى بلاد العرب : _bبين البدو والدروز والدراويش واليزيدية / _cسيبروك، ويليام ب . |
| 700 | 1 | _aعارف حذيفة | |
| 250 | _aالاولى | ||
| 260 |
_aسوريا : _bدار المدى للثقافة والنشر ، _c2004 |
||
| 300 |
_a363 ص ؛ _c24 سم |
||
| 650 | 0 | 4 | _aالرحلات |
| 650 | 0 | 4 | _aالبدو |
| 650 | 0 | 4 | _aالدروز |
| 650 | 0 | 4 | _aاليزيدية |
| 650 | 0 | 4 | _aالعالم العربى - وصف ورحلات |
| 942 |
_2ddc _cBK |
||
| 999 |
_c8123 _d8123 |
||